00999cam a22002894a 4500090001000000001000900010005001700019008004100036010001700077020001500094040001800109042000800127050002500135082002000160100002300180245008900203250001200292260006400304300003500368504005100403650002500454700002200479700003000501942001200531999001700543952014900560 c105771342468020071221111959.0031205s2005 njua b 001 0 eng  a 2003068969 a0132212110 aDLCcDLCdDLC apcc00aQA76.9.D3bM395 200500a005.74222bHOF1 aHoffer, Jeffrey A.10aModern database management /cJeffrey A. Hoffer, Mary B. Prescott, Fred R. McFadden. a8th ed. aUpper Saddle River, N.J. :bPearson/ Prentice Hall,cc2007. axxxv, 622 p. :bill. ;c29 cm. aIncludes bibliographical references and index. 0aDatabase management.1 aPrescott, Mary B.1 aMcFadden, Fred R.,d1933- 2ddccBB c10577d10577 00102ddc40708AlahramaMAINbMAINcLOWd2009-02-01epurchaseg228.50h06480l3m8o005.74 HOFp000014529r2025-07-15 00:00:00s2016-05-23yBB